00505nam a2200157Ia 4500008004100000020000900041041000800050082001700058100003000075245004200105260003700147520000700184906001200191999001700203952012700220221007s9999 xx 000 0 und d a3988 aeng a005.133bDAW aDawes C & Thomas B996834 aOCA/OCP introduction to Oracle 9i SQL c2004bBPB PublicationaNew Delhi a37 bGeneral c61276d61276 00104070aHIMRbHIMRd2005-06-13eSatya Gilanil0o005.133 DAWpHIMR-AV-477r2022-10-07 00:00:00w2005-06-13yVCzAV0477